00341nam a2200133Ia 4500003000400000008004100004020002600045040000800071100001800079245006400097260002300161300001200184365001100196LDD181029s9999 xx 000 0 und d a9781412919562c750.00 cLDD aLines, Dennis 0aSpirituality in counselling and psychotherapycDennis Lines aLondonbSagec2006 ax, 213p b750.00